01181 a2200205 4500003000500000005001700005010001600022020001500038040000900053082001700062100002400079245007700103260005300180300003300233440004300266505055400309650003500863651004600898700003100944Nust20221214103945.0 a 88025562 a8120307208 cNust00a621.3822,OPP1 aOppenheim, Alan V.,10aDiscrete-time signal processing /cAlan V. Oppenheim, Ronald W. Schafer. aEnglewood Cliffs, N.J. :bPrentice Hall,cc1989. axv, 879 p. :bill. ;c25 cm. 0aPrentice-Hall signal processing series aDiscrete Time Signals and Systems (Page-8), Sampling of Continuous-Time Signals (Page-80), The z- Transform (Page-140), Transform Analysis of Linear Time-Invarlant Systems (Page-202), Structures for Discrete-Time Systems (Page-290), Filter Design Techniques (Page-403), The Discrete Fourier Transform (Page-514), Computation of the Discrete Fourier Transform (Page-581), Discrete Hilbert Transforms (Page-662), Fourier Analysis of Signals using the Discrete fourier Transform (Page-695), Cepstrum Analysis and Homomorphic Deconvolution (Page-768).  0aTelecommunication Engineering. aTelecommunications engineering - (E-BOOK)1 aSchafer, Ronald W.,d1938-